000 00363nam a2200145Ia 4500
008 260319s9999 xx 000 0 und d
020 _a9.7893951611e+012
082 _a621.3
_bWAD/B
100 _aWadhwa,C L
245 0 _aBasic Electrical Engineering
250 _a5th Ed.
260 _aNew Delhi
_bNew Age International
_c2024
300 _a486p.
942 _cBK
999 _c51406
_d51406